| 000 | 00784cab a2200241 4500 | ||
|---|---|---|---|
| 001 | WB3215-114 | ||
| 008 | 090401t1996 xxu||||| |||| 00| 0 eng d | ||
| 035 | _a(Sirsi) u76443 | ||
| 041 | _aeng | ||
| 245 | _aWindfall not guaranteed | ||
| 260 | _c1996 | ||
| 350 | _a0 | ||
| 490 |
_aFinancial Times _v18 April 1996, 8(1) |
||
| 520 | _aProspective investors in Railtrack`s privatisation may be disappointed with the profits generated by the company`s property assets which are small compared to the overall turnover. | ||
| 650 | _aPRIVATISATION | ||
| 650 | _aRAIL PRIVATISATION | ||
| 650 | _aRAILTRACK PROPERTY | ||
| 650 | _aRAILTRACK | ||
| 690 | _aPROPERTY-PROPERTY FINANCE AND INVESTMENT | ||
| 690 | _aTRANSPORT AND COMMUNICATIONS | ||
| 942 | _n0 | ||
| 948 | _c04/03/1997 | ||
| 999 |
_c48084 _d48084 |
||